000 00577nam a22002057a 4500
003 DO-SdBNP
005 20180209134340.0
008 161116b 1990 sp a 00| 0 spa d
020 _a9788478186389
040 _aBPMSU
_bspa
_cBPMSU
082 4 _axxxx
_bxxxx
100 1 _aBrun-Cosme, Nadine
245 1 0 _aAlex y el silencio /
_cNadine Brun-Cosme, Yan Nascimbene
260 _aBarcelona :
_bMilan,
_c1990.
300 _a30 p. :
_bil.,
_c28 cm.
700 1 _aNascimbene, Yan
942 _2ddc
_cBK
945 _aInventariado, 2018 / BT
956 _aBTAVÁREZ
_b10
_d20161116
_fBPMSU
_h0038
999 _c11972
_d11972